| 000 | 01068cas a2200325 i 4500 | ||
|---|---|---|---|
| 999 |
_c200447644 _d65856 |
||
| 001 | 200447644 | ||
| 003 | TR-AnTOB | ||
| 005 | 20260115095901.0 | ||
| 007 | ta | ||
| 008 | 050516s2004 tu 000 0 tur d | ||
| 020 | _a9751935741 (1980-2003) | ||
| 022 | _a1304-6292 | ||
| 035 | _a(TR-AnTOB)200447644 | ||
| 040 |
_aTOQ _beng _erda _cTOQ _dTR-AnTOB |
||
| 041 | 0 |
_atur _aeng |
|
| 050 | 1 | 4 |
_aHA4556.5 _b.İ4 2004 |
| 090 |
_aTOBBK HA4556.5 _b.İ4 2004 |
||
| 245 | 0 | 0 |
_aİl göstergeleri = _bProvincial indicators / _cT.C. Başbakanlık Devlet İstatistik Enstitüsü. |
| 246 | 3 | 0 | _aProvincial indicators. |
| 264 | 1 |
_aAnkara : _bDevlet İstatistik Enstitüsü, _c2004. |
|
| 300 |
_avolumes : _bcolor illustrations ; _c21 cm |
||
| 336 |
_atext _btxt _2rdacontent |
||
| 337 |
_aunmediated _bn _2rdamedia |
||
| 338 |
_avolume _bnc _2rdacarrier |
||
| 651 | 0 |
_aTürkiye _vİstatistikler _vSüreli yayınlar _984017 |
|
| 710 | 2 |
_aDevlet İstatistik Enstitüsü (Turkey) _986134 |
|
| 942 |
_2z _cCR |
||